Pays sans cours d'eau - Texte Quiz - Statistiques

Statistiques générales
  • Ce quiz a été pris 30 fois
  • Le résultat moyen est 11 sur 19
Statistiques - réponses
Hint Réponse % Correct
0,44 km2 Vatican
96%
2,08 km2 Monaco
89%
747 km2 Tonga
78%
21 km2 Nauru
70%
11 581 km2 Qatar
67%
181 km2 Îles Marshall
59%
2 149 690 km2 Arabie Saoudite
56%
17 818 km2 Koweït
56%
316 km2 Malte
56%
309 500 km2 Oman
56%
25,6 km2 Tuvalu
56%
527 968 km2 Yémen
56%
765 km2 Bahreïn
52%
811 km2 Kiribati
48%
23 200 km2 Djibouti
44%
83 600 km2 Émirats arabes unis
44%
2,035 km2 Comores
33%
298 km2 Maldives
33%
1 759 541 km2 Libye
19%
Aucun quiz correspondant
Distribution des résultats
% des personnes avec chaque résultat
Percentile par nombre de réponses
Votre historique - résultats
Vous n’avez pas pris ce quiz